[Event "St Petersburg Korchnoi Memorial op"]
[Site "St Petersburg"]
[Date "2018.08.18"]
[Round "4"]
[White "Ibadov, Dashgyn"]
[Black "Kavyev, Emil"]
[Result "1-0"]
[WhiteElo "2215"]
[BlackElo "1755"]
[PlyCount "59"]
[EventDate "2018.08.15"]
[EventType "swiss"]
[EventRounds "9"]
[EventCountry "RUS"]
[SourceTitle "CBM 186 Extra"]
[Source "ChessBase"]
[SourceDate "2018.08.24"]
[SourceVersion "1"]
[SourceVersionDate "2018.08.24"]
[SourceQuality "1"]

1. e4 a6 2. d4 b5 3. Nf3 Bb7 4. Bd3 e6 5. 0-0 Nf6 6. Nbd2 c5 7. dxc5 Bxc5 8. e5 Nd5 9. Ne4 Be7 10. a4 b4 11. c4 bxc3 12. bxc3 d6 13. Qb3 Bc6 14. c4 Nc7 15. exd6 Bxd6 16. Nxd6+ Qxd6 17. Ba3 Qd8 18. Ne5 Bxg2 19. Kxg2 Qg5+ 20. Kh1 Qxe5 21. Rfe1 Qh5 22. Be4 Nd7 23. Bxa8 Nxa8 24. Qb7 Nab6 25. Rad1 f6 26. Rxe6+ Kf7 27. Rxd7+ Kxe6 28. Re7+ Kf5 29. Qe4+ Kg5 30. Bc1# 1-0

[Event "Saratov-ch"]
[Site "Saratov"]
[Date "2014.03.05"]
[Round "9"]
[White "Berezhnov, Dmitry"]
[Black "Kavyev, Emil"]
[Result "1-0"]
[WhiteElo "1955"]
[BlackElo "1761"]
[PlyCount "97"]
[EventDate "2014.02.24"]
[EventType "swiss"]
[EventRounds "9"]
[EventCountry "RUS"]
[SourceTitle "CBM 159 Extra"]
[Source "ChessBase"]
[SourceDate "2014.04.24"]
[SourceVersion "1"]
[SourceVersionDate "2014.04.24"]
[SourceQuality "1"]

1. d4 Nf6 2. c4 c5 3. Nf3 cxd4 4. Nxd4 e5 5. Nc2 Bc5 6. Nc3 0-0 7. g3 Qb6 8. e3 d6 9. Bg2 Bg4 10. Qd2 Nc6 11. 0-0 Rad8 12. b3 Be6 13. Nd5 Bxd5 14. cxd5 Nb4 15. a3 Nxc2 16. Qxc2 Rc8 17. Qd3 Qd8 18. b4 Bb6 19. Bd2 Qd7 20. Rac1 Rxc1 21. Rxc1 Rc8 22. Rxc8+ Qxc8 23. a4 a6 24. a5 Bd8 25. h3 Ne8 26. f4 exf4 27. gxf4 Bf6 28. e4 Nc7 29. e5 Be7 30. f5 f6 31. exd6 Bxd6 32. Qe4 Qe8 33. Qxe8+ Nxe8 34. Kf2 Nc7 35. Ke3 Kf7 36. Kd3 Ke7 37. Kc4 Kd7 38. Be3 Nb5 39. Bc5 Na3+ 40. Kd3 Nb5 41. Be4 Ke7 42. h4 Kd7 43. h5 h6 44. Bf3 Nc7 45. Kc4 Nb5 46. Bd1 Nc7 47. Ba4+ Ke7 48. b5 Ne8 49. bxa6 1-0

[Event "Saratov-ch"]
[Site "Saratov"]
[Date "2014.03.04"]
[Round "8"]
[White "Kavyev, Emil"]
[Black "Brekhov, Denis"]
[Result "1/2-1/2"]
[WhiteElo "1761"]
[BlackElo "1956"]
[PlyCount "101"]
[EventDate "2014.02.24"]
[EventType "swiss"]
[EventRounds "9"]
[EventCountry "RUS"]
[SourceTitle "CBM 159 Extra"]
[Source "ChessBase"]
[SourceDate "2014.04.24"]
[SourceVersion "1"]
[SourceVersionDate "2014.04.24"]
[SourceQuality "1"]

1. e4 e5 2. Nf3 Nc6 3. Bb5 a6 4. Ba4 Nf6 5. 0-0 b5 6. Bb3 Be7 7. Re1 0-0 8. c3 d5 9. d4 dxe4 10. Nxe5 Bb7 11. Nd2 Bd6 12. f4 exf3 13. Ndxf3 Nxe5 14. Nxe5 Nd7 15. Bf4 Nxe5 16. Bxe5 Qg5 17. Qc2 Rae8 18. Bxd6 cxd6 19. Qf2 Be4 20. Re3 d5 21. Rae1 Re6 22. Bd1 f5 23. Rg3 Qe7 24. Qf4 Qd6 25. Qxd6 Rxd6 26. Bb3 Kh8 27. Rge3 f4 28. R3e2 Rg6 29. Rf2 h5 30. Bc2 Re6 31. Rfe2 Rfe8 32. b3 g5 33. c4 bxc4 34. bxc4 Kg7 35. c5 Kf6 36. Ba4 R8e7 37. c6 g4 38. Rc1 Rc7 39. Rb2 f3 40. gxf3 gxf3 41. Rb7 Ree7 42. Rb6 Rg7+ 43. Kf1 Rg2 44. Rd1 Kf5 45. Rb7 Rgg7 46. Rxc7 Rxc7 47. Rd2 Kf4 48. Rb2 Rg7 49. Bc2 Rc7 50. Ba4 Rg7 51. Bc2 1/2-1/2

[Event "Saratov Shestoperov Memorial"]
[Site "Saratov"]
[Date "2013.08.20"]
[Round "9"]
[White "Kavyev, Ruslan"]
[Black "Kavyev, Emil"]
[Result "1-0"]
[WhiteElo "1897"]
[BlackElo "1728"]
[PlyCount "61"]
[EventDate "2013.08.12"]
[EventType "swiss"]
[EventRounds "9"]
[EventCountry "RUS"]
[SourceTitle "CBM 156 Extra"]
[Source "ChessBase"]
[SourceDate "2013.10.22"]
[SourceVersion "1"]
[SourceVersionDate "2013.10.22"]
[SourceQuality "1"]

1. e4 e5 2. Nf3 Nc6 3. Bb5 a6 4. Ba4 Nf6 5. 0-0 b5 6. Bb3 Be7 7. Re1 0-0 8. d4 Na5 9. dxe5 Nxb3 10. axb3 Ne8 11. Nc3 d6 12. Nxb5 Bg4 13. exd6 Nxd6 14. Nxd6 Bxd6 15. h3 Bh5 16. e5 Bxf3 17. Qxf3 Re8 18. Bf4 Bb4 19. Red1 Qb8 20. Rd7 Rd8 21. Rad1 Rxd7 22. Rxd7 Qe8 23. Rxc7 Rc8 24. Qb7 Rxc7 25. Qxc7 Qe6 26. Qb8+ Bf8 27. c4 Qf5 28. Be3 Qb1+ 29. Kh2 Qe4 30. Bc5 Qf4+ 31. g3 1-0

[Event "Saratov Shestoperov Memorial"]
[Site "Saratov"]
[Date "2013.08.13"]
[Round "2"]
[White "Chekmareva, Liya"]
[Black "Kavyev, Emil"]
[Result "1-0"]
[WhiteElo "1825"]
[BlackElo "1728"]
[PlyCount "107"]
[EventDate "2013.08.12"]
[EventType "swiss"]
[EventRounds "9"]
[EventCountry "RUS"]
[SourceTitle "CBM 156 Extra"]
[Source "ChessBase"]
[SourceDate "2013.10.22"]
[SourceVersion "1"]
[SourceVersionDate "2013.10.22"]
[SourceQuality "1"]

1. e4 e5 2. Nf3 Nc6 3. Bc4 Nf6 4. d3 Bc5 5. c3 d6 6. Nbd2 a6 7. Bb3 h6 8. h3 Ba7 9. Nf1 Be6 10. Ng3 Qd7 11. Qe2 g5 12. Be3 Bxe3 13. Qxe3 0-0-0 14. Ba4 Qe8 15. d4 Bd7 16. 0-0-0 Nb8 17. Bxd7+ Nbxd7 18. dxe5 Nxe5 19. Qa7 Nc6 20. Qe3 Qe6 21. Kb1 Rhe8 22. Rhe1 d5 23. exd5 Qxe3 24. Rxe3 Rxe3 25. fxe3 Nxd5 26. Rd3 Nce7 27. Ne5 f5 28. Nh5 Rf8 29. c4 Nf6 30. Ng7 Rd8 31. Rxd8+ Kxd8 32. Nf7+ Kd7 33. Nxh6 f4 34. exf4 gxf4 35. Kc2 Ng6 36. Nhf5 Ne4 37. Kd3 Nf6 38. b3 c5 39. h4 Ne5+ 40. Ke2 b5 41. cxb5 axb5 42. h5 c4 43. Nd4 Ne4 44. Nxb5 c3 45. Nd4 Ng4 46. Kf3 Ngf6 47. Kxf4 Ke7 48. Ngf5+ Kf7 49. h6 Nc5 50. Nc2 Ne6+ 51. Ke5 Ng4+ 52. Kd6 Nf4 53. g3 Ne2 54. h7 1-0

[Event "Saratov Regional-ch"]
[Site "Saratov"]
[Date "2013.06.03"]
[Round "4"]
[White "Kavyev, Emil"]
[Black "Berezhnov, Dmitry"]
[Result "0-1"]
[WhiteElo "1691"]
[BlackElo "1938"]
[PlyCount "160"]
[EventDate "2013.06.01"]
[EventType "swiss"]
[EventRounds "9"]
[EventCountry "RUS"]
[SourceTitle "EXT 2014"]
[Source "ChessBase"]
[SourceDate "2013.11.20"]
[SourceVersion "1"]
[SourceVersionDate "2013.11.20"]
[SourceQuality "1"]

1. e4 d6 2. d4 g6 3. Nc3 Bg7 4. Bg5 Nc6 5. Bb5 Bd7 6. Nge2 a6 7. Bxc6 Bxc6 8. f4 b5 9. a3 Bb7 10. 0-0 Nf6 11. e5 Nd5 12. Nxd5 Bxd5 13. Nc3 Bc4 14. Re1 dxe5 15. dxe5 c6 16. Ne4 Qb6+ 17. Kh1 Rd8 18. Qg4 Be6 19. Qh4 Rd7 20. Bh6 Kf8 21. Rad1 Bd5 22. Nf6 Rd8 23. Nxd5 Rxd5 24. Bxg7+ Kxg7 25. Qxe7 Qd8 26. Qxd8 Rhxd8 27. Rc1 Rd2 28. Kg1 R8d4 29. Rf1 Re4 30. Rf2 Ree2 31. Rxe2 Rxe2 32. Kf1 Rd2 33. b4 Kf8 34. c4 Ra2 35. cxb5 cxb5 36. Rc3 h5 37. h3 h4 38. e6 fxe6 39. Rc6 Rxa3 40. Rxe6 Kf7 41. Re4 Kf6 42. f5 g5 43. Kf2 Kxf5 44. Rg4 Rc3 45. Rd4 Rc4 46. Rd6 Rxb4 47. Rxa6 Rb2+ 48. Kf3 Rb3+ 49. Kf2 b4 50. Rb6 Rb1 51. Rb8 b3 52. Rb4 Ke5 53. Rg4 Kf5 54. Rb4 Ke6 55. Rb5 b2 56. Rb7 Ke5 57. Rb5+ Kd4 58. Rb8 Ke4 59. Rb4+ Kd3 60. Rb8 Ke4 61. Rb4+ Kf5 62. Rb5+ Kf4 63. Rb4+ Ke5 64. Rb5+ Kd4 65. Rb8 Kc3 66. Rc8+ Kd3 67. Rb8 g4 68. Rd8+ Ke4 69. Re8+ Kf4 70. Rf8+ Kg5 71. Rg8+ Kf6 72. Rf8+ Ke7 73. Rb8 g3+ 74. Kf3 Rf1+ 75. Kg4 b1Q 76. Rxb1 Rxb1 77. Kxh4 Rb3 78. Kg4 Kf6 79. h4 Kg6 80. Kh3 Rb4 0-1

[Event "Saratov Regional-ch"]
[Site "Saratov"]
[Date "2013.06.02"]
[Round "3"]
[White "Palin, Denis"]
[Black "Kavyev, Emil"]
[Result "1-0"]
[WhiteElo "2145"]
[BlackElo "1691"]
[PlyCount "55"]
[EventDate "2013.06.01"]
[EventType "swiss"]
[EventRounds "9"]
[EventCountry "RUS"]
[SourceTitle "EXT 2014"]
[Source "ChessBase"]
[SourceDate "2013.11.20"]
[SourceVersion "1"]
[SourceVersionDate "2013.11.20"]
[SourceQuality "1"]

1. e4 e5 2. Nf3 Nc6 3. Nc3 Nf6 4. a3 Be7 5. d4 Nxd4 6. Nxd4 exd4 7. Qxd4 d6 8. f3 Be6 9. Be3 d5 10. exd5 Nxd5 11. Nxd5 Qxd5 12. 0-0-0 0-0-0 13. Qxd5 Bxd5 14. Bd3 a6 15. Bd4 Ba2 16. f4 Be6 17. Bc3 Bd5 18. Rd2 Rhe8 19. Bf5+ Kb8 20. Rhd1 c6 21. Ba5 Rd6 22. c4 Rf6 23. Bd7 Rf8 24. cxd5 Rxf4 25. dxc6 bxc6 26. Kb1 c5 27. Bc3 g6 28. Be5+ 1-0